Statistics for Countries That Produce the Most Milk

Click here to take the quiz!

General Stats

  • This quiz has been taken 198 times
  • The average score is 17 of 20

Answer Stats

Production(1000 tonne/y)Answer% Correct
85,859United States
99%
40,553China
96%
13,237United Kingdom
95%
24,218France
94%
28,691Germany
94%
110,040India
94%
32,562Russia
92%
8,213Canada
91%
27,716Brazil
89%
12,836Italy
89%
9,388Australia
87%
10,500Argentina
84%
10,931Mexico
84%
15,217New Zealand
76%
12,467Poland
75%
7,909Japan
74%
12,542Turkey
74%
34,362Pakistan
73%
11,610Ukraine
69%
11,469Netherlands
63%

Score Distribution

Percentile by Number Answered

Percent of People with Each Score

Your Score History

You have not taken this quiz